000
00322nam a2200157Ia 4500
100
_a
Cline/Marsh/ Lomow/ Greg A
250
_a
2
942
_c
BK
654
_a
C++
245
_a
C++ FAQS
260
_b
Addison Wesley Pub
_a
NONE
_c
1999
082
_a
005.133'C'
_b
CLI
300
_a
587
546
_a
ENGLISH
999
_c
32958
_d
32958